| 000 | 00487nam a2200193Ia 4500 | ||
|---|---|---|---|
| 005 | 20230721113235.0 | ||
| 008 | 230524s9999 xx 000 0 und d | ||
| 020 | _a9788131507957 | ||
| 082 |
_a620.1 _bBOR |
||
| 100 |
_aArthur P. Boresi _945360 |
||
| 245 | 0 | _aEngineering Mechanics Statics and Dynamics | |
| 250 | _a1ST | ||
| 260 |
_aNEW DELHI _bCengage _c2008 |
||
| 300 | _ax;683 | ||
| 500 | _aQuantity Number: 5 | ||
| 650 | _aMechanics | ||
| 700 | _aR.J.Schmidt | ||
| 942 | _cBK | ||
| 999 |
_c40877 _d40877 |
||